000 00246nam a22001097a 4500
008 170123b xxu||||| |||| 00| 0 eng d
020 _a9781601512857
041 _aeng
080 _a618.2
245 _aHCPCS LEVEL II
_cWOODWARD, S
942 _2udc
_cBK
999 _c3379
_d3379